| 000 | 00745nam a22002294i 4500 | ||
|---|---|---|---|
| 999 |
_c7643 _d7643 |
||
| 001 | 991060038114206706 | ||
| 003 | OSt | ||
| 005 | 20220215185226.0 | ||
| 008 | 220209e202111 spc 001 0aspa c | ||
| 017 |
_aDL B. 16047-2021 _bBiblioteca de Catalunya |
||
| 020 | _a9788408249245 | ||
| 040 |
_aES-BaBAB _bcat _erda _cCDMR |
||
| 100 | 1 |
_aRamírez, Pedro José _92327 |
|
| 245 | 1 | 0 |
_aPalabra de director : _blas memorias del periodista que nunca ha temido a la verdad / _cPedro J. Ramírez |
| 264 | 1 |
_aBarcelona : _bPlaneta, _c2021 |
|
| 300 |
_a668 pàgines ; _c24 cm |
||
| 500 | _aÍndex | ||
| 600 | 1 | 0 |
_aRamírez, Pedro José _vBiografia. _2lemac _92327 |
| 650 | 7 |
_aPeriodistes _zEspanya _vBiografia. _2lemac |
|
| 940 | _aDIBA | ||
| 942 |
_2udc _cMON |
||